[Event "Warsaw Maciei Memorial"]
[Site "Warsaw"]
[Date "2025.07.07"]
[Round "10"]
[White "Silich, Yahor"]
[Black "Terkiewicz, Bruno"]
[Result "0-1"]
[WhiteElo "2216"]
[BlackElo "2109"]
[PlyCount "118"]
[EventDate "2025.07.07"]
[EventType "swiss (blitz)"]
[EventRounds "11"]
[EventCountry "POL"]
[SourceTitle "CB28_2025"]
[SourceDate "2025.07.09"]
[SourceVersion "1"]
[SourceVersionDate "2025.07.09"]
[SourceQuality "1"]

1. e4 c5 2. Nf3 d6 3. Bb5+ Nd7 4. d4 cxd4 5. Qxd4 a6 6. Bxd7+ Bxd7 7. 0-0 Nf6 8. Bg5 e6 9. c4 Be7 10. Nc3 0-0 11. Bxf6 Bxf6 12. Qxd6 Bxc3 13. bxc3 Bc6 14. Qe5 Rc8 15. Rfd1 Qe7 16. Rd2 f6 17. Qf4 Qc5 18. Qd6 Qxd6 19. Rxd6 Bxe4 20. Nd2 Bc6 21. Rxe6 Rfd8 22. Nb3 Be8 23. c5 Bf7 24. Re7 Bxb3 25. axb3 Rxc5 26. Rxb7 Rxc3 27. g3 Rc6 28. Re1 f5 29. Ree7 Rg6 30. Kg2 h6 31. h4 f4 32. Rbd7 Rb8 33. Rb7 Rd8 34. h5 Rg5 35. Rbd7 Rxd7 36. Rxd7 fxg3 37. fxg3 Rxh5 38. Rd8+ Kh7 39. Rd6 a5 40. Ra6 Rb5 41. Kh3 Kg8 42. Ra7 Kf8 43. Kg4 Kg8 44. Kh3 Kh7 45. Kg4 h5+ 46. Kh3 Kg6 47. Kh4 Rb4+ 48. Kh3 Rb5 49. Kh4 Kf6 50. Kh3 g5 51. Ra8 Ke5 52. Rg8 Kd4 53. Ra8 Kc3 54. Kg2 Kxb3 55. Kf3 a4 56. Rh8 g4+ 57. Kf4 a3 58. Ra8 a2 59. Ra6 Kb2 0-1

[Event "Warsaw Maciei Memorial"]
[Site "Warsaw"]
[Date "2025.07.07"]
[Round "7"]
[White "Terkiewicz, Bruno"]
[Black "Kutowski, Marcel"]
[Result "0-1"]
[WhiteElo "2109"]
[BlackElo "2282"]
[PlyCount "74"]
[EventDate "2025.07.07"]
[EventType "swiss (blitz)"]
[EventRounds "11"]
[EventCountry "POL"]
[SourceTitle "CB28_2025"]
[SourceDate "2025.07.09"]
[SourceVersion "1"]
[SourceVersionDate "2025.07.09"]
[SourceQuality "1"]

1. e4 g6 2. d4 Bg7 3. c4 c6 4. Nc3 d6 5. Be3 Nf6 6. h3 0-0 7. Nf3 Nbd7 8. g4 e5 9. d5 cxd5 10. cxd5 Nc5 11. Nd2 a5 12. Be2 Bd7 13. g5 Ne8 14. h4 a4 15. h5 Rc8 16. Kf1 a3 17. b4 Nd3 18. Bxd3 Rxc3 19. Qe2 Nc7 20. Kg2 f5 21. gxf6 Qxf6 22. Rac1 Rxc1 23. Rxc1 Ne8 24. Rh1 Qe7 25. hxg6 hxg6 26. Bb5 Nf6 27. Bxd7 Qxd7 28. Kf1 Qa4 29. Nc4 Qxb4 30. Bc1 Qb1 31. Kg2 Nxe4 32. f3 Nc3 33. Qd2 Nxa2 34. Bxa3 Qb3 35. Bxd6 Qxf3+ 36. Kg1 Rf4 37. Rh2 Rxc4 0-1

[Event "POL-chT U20 1st League"]
[Site "Chotowa"]
[Date "2025.06.21"]
[Round "8.13"]
[White "Wandor, Adam"]
[Black "Terkiewicz, Bruno"]
[Result "1-0"]
[WhiteElo "1851"]
[BlackElo "2183"]
[PlyCount "115"]
[EventDate "2025.06.14"]
[EventType "team-swiss"]
[EventRounds "9"]
[EventCountry "POL"]
[SourceTitle "CB26_2025"]
[SourceDate "2025.06.25"]
[SourceVersion "1"]
[SourceVersionDate "2025.06.25"]
[SourceQuality "1"]
[WhiteTeam "Czestochowa Hetman"]
[BlackTeam "Chylice Laura"]
[WhiteTeamCountry "POL"]
[BlackTeamCountry "POL"]

1. e4 c5 2. Nf3 d6 3. d4 cxd4 4. Nxd4 Nf6 5. Nc3 a6 6. Bg5 Nbd7 7. Qe2 b5 8. a3 Bb7 9. f3 Rc8 10. Qf2 e6 11. Be2 h6 12. Be3 Be7 13. 0-0 0-0 14. Rfd1 Ne5 15. Nb3 Nfd7 16. f4 Nc4 17. Bxc4 bxc4 18. Nd4 Qc7 19. Qg3 Nc5 20. e5 Rfd8 21. f5 Kh7 22. f6 Bf8 23. exd6 Qxd6 24. Qf2 Qe5 25. fxg7 Bxg7 26. Nf3 Rd7 27. Rd2 Rxd2 28. Rc1 Rd1+ 29. Rxd1 Qf5 30. Nd4 Qxf2+ 31. Bxf2 Rb8 32. Nde2 Ne4 33. Ba7 Rg8 34. Rd7 Nxc3 35. Nxc3 Bxg2 36. Rxf7 Bh3 37. Bd4 Bf5 38. Na4 Bxc2 39. Nc5 Kg6 40. Rxg7+ Rxg7 41. Bxg7 Kxg7 42. Nxa6 Kf6 43. Kf2 Ke5 44. Ke3 Be4 45. Nb4 h5 46. a4 Ba8 47. a5 Kf5 48. Nc2 Kg4 49. Na3 Kh3 50. Nxc4 Kxh2 51. Kf2 e5 52. a6 e4 53. b4 Bc6 54. Ne5 Bd5 55. b5 h4 56. Ng4+ Kh1 57. b6 e3+ 58. Kxe3 1-0

[Event "Katowice rapid op"]
[Site "Katowice"]
[Date "2025.06.02"]
[Round "3"]
[White "Terkiewicz, Bruno"]
[Black "Haladaj, Adam1"]
[Result "1-0"]
[WhiteElo "2177"]
[BlackElo "1915"]
[PlyCount "75"]
[EventDate "2025.05.31"]
[EventType "swiss"]
[EventRounds "11"]
[EventCountry "POL"]
[SourceTitle "CB24_2025"]
[SourceDate "2025.06.11"]
[SourceVersion "1"]
[SourceVersionDate "2025.06.11"]
[SourceQuality "1"]

1. Nf3 d5 2. e3 Nf6 3. c4 e6 4. b3 Be7 5. Bb2 0-0 6. cxd5 exd5 7. Nc3 c5 8. d4 Nc6 9. Rc1 cxd4 10. Nxd4 Bg4 11. Be2 Bxe2 12. Kxe2 Qd7 13. f3 Rfe8 14. Nxc6 bxc6 15. Na4 Qe6 16. Kf2 Nh5 17. Bd4 Bf6 18. Nc5 Qf5 19. g4 Bh4+ 20. Kg2 Qg6 21. Qd3 Nf6 22. Qxg6 hxg6 23. Nd3 Nd7 24. Rxc6 Bf6 25. Kf2 Bxd4 26. exd4 a5 27. Rd6 Nf6 28. Rc1 a4 29. b4 Re7 30. Rdc6 Ree8 31. Ne5 Nh7 32. Rc7 Rab8 33. a3 Ng5 34. Ra7 Ne6 35. Nc6 Rbc8 36. Ne7+ Rxe7 37. Rxc8+ Kh7 38. Rxe7 1-0

[Event "Katowice rapid op"]
[Site "Katowice"]
[Date "2025.05.31"]
[Round "10"]
[White "Zawierucha, Aleksander"]
[Black "Terkiewicz, Bruno"]
[Result "1-0"]
[WhiteElo "1963"]
[BlackElo "2177"]
[PlyCount "67"]
[EventDate "2025.05.31"]
[EventType "swiss"]
[EventRounds "11"]
[EventCountry "POL"]
[SourceTitle "CB24_2025"]
[SourceDate "2025.06.11"]
[SourceVersion "1"]
[SourceVersionDate "2025.06.11"]
[SourceQuality "1"]

1. d4 Nf6 2. c4 e6 3. Nc3 Bb4 4. Qc2 d5 5. cxd5 exd5 6. Nf3 0-0 7. g3 c6 8. Bg2 g6 9. 0-0 Qe7 10. Ne5 Bf5 11. Qb3 Kg7 12. a3 Bd6 13. f4 Ne8 14. Bd2 f6 15. Nf3 b5 16. Nh4 Bc7 17. Nxf5+ gxf5 18. Bxd5 cxd5 19. Qxd5 Na6 20. Qxa8 Nd6 21. Qxa7 Nc4 22. Bc1 b4 23. Qxa6 Ne3 24. Nd1 Nxf1 25. Kxf1 Qe4 26. Nf2 Qxd4 27. Qb7 Rf7 28. Qxb4 Qd5 29. Be3 Ba5 30. Qc5 Qa8 31. Qxf5 Re7 32. Bc5 Re8 33. Rd1 Qa6 34. Qd7+ 1-0

[Event "Titled Tuesday intern op 06th May Early"]
[Site "Chess.com INT"]
[Date "2025.05.06"]
[Round "8"]
[White "Gales, Randi Ioan"]
[Black "Terkiewicz, Bruno"]
[Result "1-0"]
[WhiteElo "2290"]
[BlackElo "2183"]
[PlyCount "47"]
[EventDate "2025.05.06"]
[EventType "swiss (blitz)"]
[EventRounds "11"]
[EventCountry "USA"]
[SourceTitle "CB20_2025"]
[SourceDate "2025.05.14"]
[SourceVersion "1"]
[SourceVersionDate "2025.05.14"]
[SourceQuality "1"]

1. d4 Nf6 2. c4 b6 3. Nc3 Bb7 4. d5 e6 5. a3 c6 6. d6 Na6 7. e4 e5 8. f4 Nc5 9. fxe5 Nfxe4 10. Nxe4 Nxe4 11. Qg4 c5 12. Bd3 h5 13. Qf4 Ng5 14. Nf3 Nxf3+ 15. gxf3 g6 16. Rg1 Bh6 17. Qg3 b5 18. Bxg6 Qa5+ 19. b4 cxb4 20. Bxf7+ Kd8 21. Bxh6 b3+ 22. Bd2 Qb6 23. Qg8+ Rxg8 24. Rxg8# 1-0

[Event "Titled Tuesday intern op 06th May Early"]
[Site "Chess.com INT"]
[Date "2025.05.06"]
[Round "10"]
[White "Terkiewicz, Bruno"]
[Black "Setumadhav, Yellumahanthi"]
[Result "1/2-1/2"]
[WhiteElo "2183"]
[BlackElo "2254"]
[PlyCount "130"]
[EventDate "2025.05.06"]
[EventType "swiss (blitz)"]
[EventRounds "11"]
[EventCountry "USA"]
[SourceTitle "CB20_2025"]
[SourceDate "2025.05.14"]
[SourceVersion "1"]
[SourceVersionDate "2025.05.14"]
[SourceQuality "1"]

1. e4 e5 2. Nf3 Nc6 3. c3 d5 4. Qa4 Bd7 5. exd5 Nd4 6. Qd1 Nxf3+ 7. Qxf3 Bd6 8. Be2 Ne7 9. d3 0-0 10. Nd2 Ng6 11. Nc4 Be7 12. g3 f5 13. h4 b5 14. h5 e4 15. dxe4 fxe4 16. Qxe4 Bf5 17. Qe3 bxc4 18. hxg6 Bxg6 19. Bxc4 Bd6 20. 0-0 Re8 21. Qg5 Qd7 22. Bf4 Re4 23. Bxd6 cxd6 24. Bd3 Re5 25. Qd2 Qh3 26. Bxg6 hxg6 27. f4 Qxg3+ 28. Qg2 Qe3+ 29. Qf2 Qxf2+ 30. Kxf2 Rxd5 31. Rad1 Rb5 32. b3 Ra5 33. Rd2 Rf8 34. Kg2 g5 35. f5 Rf6 36. Rff2 Re5 37. c4 Kf7 38. Kg3 Re4 39. Rd5 Rh6 40. Ra5 Rhh4 41. Rxa7+ Kf6 42. Rf3 Rhg4+ 43. Kf2 Rh4 44. Rd7 Rh2+ 45. Kg3 Ree2 46. Rxd6+ Kf7 47. Kg4 Re4+ 48. Kg3 Ree2 49. Rf1 Reg2+ 50. Kf3 Rxa2 51. c5 Rh3+ 52. Kg4 Rxb3 53. f6 Rg2+ 54. Kf5 gxf6 55. Rxf6+ Kg7 56. Rg6+ Kf7 57. Rxg5 Rxg5+ 58. Kxg5+ Ke6 59. Rd1 Rc3 60. Rd6+ Ke7 61. Rd5 Ke6 62. Rf5 Kd7 63. Kf6 Kc6 64. Re5 Rxc5 65. Rxc5+ Kxc5 1/2-1/2

[Event "Bialystok Zamenhof Memorial 43rd"]
[Site "Bialystok"]
[Date "2024.12.29"]
[Round "5"]
[White "Polak, Michal1"]
[Black "Terkiewicz, Bruno"]
[Result "1/2-1/2"]
[WhiteElo "2031"]
[BlackElo "2159"]
[PlyCount "73"]
[EventDate "2024.12.27"]
[EventType "swiss"]
[EventRounds "9"]
[EventCountry "POL"]
[SourceTitle "CB02_2025"]
[SourceDate "2025.01.08"]
[SourceVersion "1"]
[SourceVersionDate "2025.01.08"]
[SourceQuality "1"]

1. d4 Nf6 2. Nf3 d5 3. g3 Bf5 4. Bg2 e6 5. c4 c6 6. Nc3 h6 7. Qb3 Qb6 8. c5 Qc7 9. Bf4 Qc8 10. 0-0 Nbd7 11. h3 g5 12. Bd2 Bg7 13. Rfc1 0-0 14. Qd1 Ne4 15. Be3 Bh7 16. Nxe4 dxe4 17. Nh2 Nf6 18. Qc2 Qc7 19. Nf1 Rad8 20. Nd2 Kh8 21. Nc4 Nd5 22. Nd6 f5 23. Qb3 b6 24. Rd1 Bf6 25. Bc1 Bg6 26. Nc4 Bh5 27. cxb6 axb6 28. g4 Bg6 29. a4 h5 30. Bd2 hxg4 31. hxg4 f4 32. a5 b5 33. Ne5 Bxe5 34. dxe5 Rf7 35. Qc2 f3 36. exf3 Nf4 37. fxe4 1/2-1/2

[Event "POL-chT 1st League"]
[Site "Darlowo"]
[Date "2024.09.22"]
[Round "9.16"]
[White "Zalega, Maciej"]
[Black "Terkiewicz, Bruno"]
[Result "1/2-1/2"]
[WhiteElo "2147"]
[BlackElo "2110"]
[PlyCount "51"]
[EventDate "2024.09.14"]
[EventType "team-swiss"]
[EventRounds "9"]
[EventCountry "POL"]
[SourceTitle "EXT 2025"]
[Source "ChessBase"]
[SourceDate "2024.10.14"]
[SourceVersion "1"]
[SourceVersionDate "2024.10.14"]
[SourceQuality "1"]

1. e4 c6 2. d4 d5 3. f3 e6 4. Nc3 Bb4 5. Bd2 Ne7 6. a3 Ba5 7. Bd3 Nd7 8. f4 c5 9. e5 c4 10. Be2 Nf5 11. Nf3 Bb6 12. Bc1 f6 13. g4 Nxd4 14. Nxd4 fxe5 15. Nf3 e4 16. Ng5 h6 17. Ngxe4 dxe4 18. h4 Nf6 19. Qxd8+ Bxd8 20. g5 Nd5 21. Nxe4 0-0 22. Bxc4 Nxf4 23. 0-0 Bc7 24. Nc5 hxg5 25. hxg5 Kh7 26. Bxf4 1/2-1/2

[Event "POL-chT 1st League"]
[Site "Darlowo"]
[Date "2024.09.18"]
[Round "5.22"]
[White "Janaszak, Dawid"]
[Black "Terkiewicz, Bruno"]
[Result "1-0"]
[WhiteElo "2308"]
[BlackElo "2110"]
[PlyCount "60"]
[EventDate "2024.09.14"]
[EventType "team-swiss"]
[EventRounds "9"]
[EventCountry "POL"]
[SourceTitle "EXT 2025"]
[Source "ChessBase"]
[SourceDate "2024.10.14"]
[SourceVersion "1"]
[SourceVersionDate "2024.10.14"]
[SourceQuality "1"]

1. d4 d5 2. Nf3 Nf6 3. Bf4 c5 4. e3 Nc6 5. Nbd2 e6 6. c3 Be7 7. Bd3 Nh5 8. Be5 cxd4 9. exd4 0-0 10. Qc2 h6 11. 0-0-0 Bd7 12. g4 Nxe5 13. Nxe5 Nf4 14. Ndf3 Be8 15. h3 Rc8 16. Kb1 b5 17. Qd2 f6 18. Nc6 Rxc6 19. Qxf4 Qa5 20. Qd2 b4 21. cxb4 Bxb4 22. Qe3 Rb6 23. Nd2 Ba4 24. Nb3 Bxb3 25. axb3 Be7 26. Rc1 Rfb8 27. Rc3 Bb4 28. Rc2 Ba3 29. Rhc1 Kf7 30. Rc6 e5 1-0

[Event "POL-chT 1st League"]
[Site "Darlowo"]
[Date "2024.09.17"]
[Round "4.28"]
[White "Terkiewicz, Bruno"]
[Black "Paczka, Patryk"]
[Result "1-0"]
[WhiteElo "2110"]
[BlackElo "1933"]
[PlyCount "85"]
[EventDate "2024.09.14"]
[EventType "team-swiss"]
[EventRounds "9"]
[EventCountry "POL"]
[SourceTitle "EXT 2025"]
[Source "ChessBase"]
[SourceDate "2024.10.14"]
[SourceVersion "1"]
[SourceVersionDate "2024.10.14"]
[SourceQuality "1"]

1. d4 Nf6 2. c4 g6 3. Nc3 Bg7 4. e4 d6 5. h3 0-0 6. Be3 e5 7. d5 Na6 8. Nf3 Nd7 9. g4 Ndc5 10. Rg1 c6 11. a3 cxd5 12. cxd5 Nc7 13. b4 Nd7 14. h4 Nf6 15. Nh2 a5 16. Bb6 Nd7 17. bxa5 Nxb6 18. axb6 Na6 19. Qb1 Qxh4 20. Nf3 Qf6 21. Nd2 Bh6 22. Nc4 Rd8 23. Nb5 Qf4 24. Nc7 Nxc7 25. bxc7 Re8 26. Be2 Qh2 27. Rf1 Qf4 28. Qc2 Re7 29. Nxd6 Rxc7 30. Qb2 Rxa3 31. Rxa3 Rc1+ 32. Bd1 Bxg4 33. Rd3 Bf3 34. Rg1 Bxe4 35. Nxe4 Qxe4+ 36. Qe2 Qb4+ 37. Kf1 e4 38. Rh3 Qb1 39. Kg2 Bf4 40. Rh4 g5 41. Rhh1 Rc3 42. Rh3 Rc1 43. Rb3 1-0

[Event "Bydgoszcz op"]
[Site "Bydgoszcz"]
[Date "2024.09.03"]
[Round "9"]
[White "Terkiewicz, Bruno"]
[Black "Setumadhav, Yellumahanthi"]
[Result "1/2-1/2"]
[WhiteElo "2206"]
[BlackElo "2195"]
[PlyCount "37"]
[EventDate "2024.08.26"]
[EventType "swiss"]
[EventRounds "9"]
[EventCountry "POL"]
[SourceTitle "EXT 2025"]
[Source "ChessBase"]
[SourceDate "2024.10.14"]
[SourceVersion "1"]
[SourceVersionDate "2024.10.14"]
[SourceQuality "1"]

1. d4 Nf6 2. c4 e6 3. g3 d5 4. Bg2 Bb4+ 5. Nd2 0-0 6. Ngf3 dxc4 7. a3 Bxd2+ 8. Bxd2 Nc6 9. e3 Rb8 10. 0-0 b5 11. b3 Ba6 12. Qc2 b4 13. axb4 c3 14. Rfb1 cxd2 15. Qxc6 Bb7 16. Qc3 Be4 17. Rd1 Qd5 18. Ra5 Qb7 19. Nh4 1/2-1/2

[Event "Bydgoszcz op"]
[Site "Bydgoszcz"]
[Date "2024.09.02"]
[Round "8"]
[White "Stepinski, Piotr"]
[Black "Terkiewicz, Bruno"]
[Result "0-1"]
[WhiteElo "2041"]
[BlackElo "2206"]
[PlyCount "92"]
[EventDate "2024.08.26"]
[EventType "swiss"]
[EventRounds "9"]
[EventCountry "POL"]
[SourceTitle "EXT 2025"]
[Source "ChessBase"]
[SourceDate "2024.10.14"]
[SourceVersion "1"]
[SourceVersionDate "2024.10.14"]
[SourceQuality "1"]

1. e4 c5 2. Nf3 d6 3. Bb5+ Nd7 4. d4 cxd4 5. Nxd4 Ngf6 6. Bd3 g6 7. 0-0 Bg7 8. Nc3 0-0 9. Be3 a6 10. f3 b5 11. Qd2 Bb7 12. Nb3 Qc7 13. Rfd1 Rfd8 14. Bd4 b4 15. Ne2 a5 16. Rac1 e5 17. Bf2 d5 18. exd5 Bxd5 19. c3 Qb7 20. cxb4 axb4 21. Bc4 Nb6 22. Bxd5 Nbxd5 23. Nc5 Qe7 24. Qc2 Bh6 25. f4 Nxf4 26. Rxd8+ Rxd8 27. Re1 Ng4 28. Nxf4 Bxf4 29. Ne4 Bxh2+ 30. Kh1 Bf4 31. g3 Bh6 32. Bc5 Qb7 33. Qg2 Kg7 34. Kg1 f5 35. Qh3 Qc7 36. Bf2 Qd7 37. Nc5 Qc8 38. Qh4 g5 39. Qh5 Rd2 40. Rc1 Nxf2 41. Qf3 Nh3+ 42. Kh1 g4 43. Ne6+ Qxe6 44. Rc7+ Rd7 45. Qb7 Rxc7 46. Qxc7+ Kg6 0-1

[Event "Bydgoszcz op"]
[Site "Bydgoszcz"]
[Date "2024.08.28"]
[Round "3"]
[White "Terkiewicz, Bruno"]
[Black "Unat, Can Haktan"]
[Result "0-1"]
[WhiteElo "2206"]
[BlackElo "2300"]
[PlyCount "156"]
[EventDate "2024.08.26"]
[EventType "swiss"]
[EventRounds "9"]
[EventCountry "POL"]
[SourceTitle "EXT 2025"]
[Source "ChessBase"]
[SourceDate "2024.10.14"]
[SourceVersion "1"]
[SourceVersionDate "2024.10.14"]
[SourceQuality "1"]

1. d4 Nf6 2. c4 e6 3. g3 d5 4. Bg2 Nc6 5. Nf3 dxc4 6. 0-0 Rb8 7. a4 a6 8. a5 Bb4 9. Bd2 Bxd2 10. Qxd2 b5 11. axb6 cxb6 12. Ne5 Nxe5 13. dxe5 Nd7 14. Qd6 Qe7 15. Qc7 Qc5 16. Bc6 0-0 17. Rd1 b5 18. Qd6 Rb6 19. Qxc5 Nxc5 20. Bg2 Nb3 21. Ra2 b4 22. e3 a5 23. Bf3 Ba6 24. Nd2 Nxd2 25. Rxd2 c3 26. bxc3 bxc3 27. Rd1 Rb2 28. Rxa5 c2 29. Rxa6 Rb1 30. Rad6 f6 31. exf6 Rxf6 32. Bg4 e5 33. Rd8+ Kf7 34. R8d2 Rxd1+ 35. Rxd1 Rb6 36. Rd7+ Kf6 37. Rc7 Rb1+ 38. Kg2 c1Q 39. Rxc1 Rxc1 40. h4 e4 41. Bd7 Ke5 42. Be8 Rc8 43. Bf7 Rc1 44. Bg8 h6 45. Bf7 g5 46. hxg5 hxg5 47. Bg6 Ra1 48. Bh7 Ra2 49. Bg6 Rb2 50. Bh7 Rb7 51. Bg6 Kd5 52. Bf5 Re7 53. Kh3 Rf7 54. g4 Re7 55. Kg3 Kc4 56. Bc8 Kd3 57. Ba6+ Kd2 58. Bc4 Re8 59. Bf1 Rf8 60. Bg2 Ke2 61. Bxe4 Rxf2 62. Bf5 Kxe3 63. Bd7 Ke2 64. Bb5+ Ke3 65. Bd7 Rf3+ 66. Kg2 Kf4 67. Bf5 Rg3+ 68. Kf2 Rh3 69. Kg2 Rh4 70. Kf2 Rh2+ 71. Kg1 Kg3 72. Kf1 Rf2+ 73. Ke1 Rf4 74. Ke2 Rxg4 75. Bxg4 Kxg4 76. Kf2 Kh3 77. Kg1 g4 78. Kh1 g3 0-1

[Event "Bydgoszcz op"]
[Site "Bydgoszcz"]
[Date "2024.08.27"]
[Round "2"]
[White "Terkiewicz, Bruno"]
[Black "Hnydiuk, Aleksander"]
[Result "1/2-1/2"]
[WhiteElo "2206"]
[BlackElo "2350"]
[PlyCount "142"]
[EventDate "2024.08.26"]
[EventType "swiss"]
[EventRounds "9"]
[EventCountry "POL"]
[SourceTitle "EXT 2025"]
[Source "ChessBase"]
[SourceDate "2024.10.14"]
[SourceVersion "1"]
[SourceVersionDate "2024.10.14"]
[SourceQuality "1"]

1. d4 Nf6 2. c4 g6 3. Nc3 d5 4. cxd5 Nxd5 5. Bd2 c5 6. e4 Nxc3 7. Bxc3 cxd4 8. Qxd4 Qxd4 9. Bxd4 f6 10. Rc1 Nc6 11. Bb5 Bd7 12. Be3 Bg7 13. Nf3 f5 14. exf5 gxf5 15. Bxc6 Bxc6 16. Bd4 Rg8 17. Bxg7 Rxg7 18. Nd4 Rxg2 19. Ke2 Be4 20. Rhg1 Rxg1 21. Rxg1 Kf7 22. f3 Bd5 23. Nxf5 Bxa2 24. Nh6+ Kf6 25. Ng4+ Ke6 26. Ne3 Rc8 27. Ra1 Bc4+ 28. Kf2 Ba6 29. Ra4 Rc1 30. Re4+ Kf7 31. Rh4 Bd3 32. Rd4 Bb5 33. Rf4+ Ke8 34. Re4 Bc6 35. Rh4 Rb1 36. b4 Rb2+ 37. Kg3 Rb3 38. Kf2 Kd8 39. h3 Rb2+ 40. Kg3 Rb3 41. Kf2 e5 42. Rxh7 Rxb4 43. Ng4 e4 44. Ne5 Rb2+ 45. Kg3 Rb3 46. Nxc6+ bxc6 47. Rxa7 Rxf3+ 48. Kg2 Rf6 49. Ra4 Re6 50. Kf2 Kc7 51. Ke3 Rh6 52. Rxe4 Rxh3+ 53. Kd2 Kd6 54. Kc2 Kd5 55. Rg4 c5 56. Rg5+ Kc4 57. Rg4+ Kb5 58. Rf4 Ra3 59. Kb2 Rh3 60. Kc2 Rh5 61. Rg4 c4 62. Rg8 Kb4 63. Rb8+ Rb5 64. Rxb5+ Kxb5 65. Kc3 Kc5 66. Kc2 Kd4 67. Kd2 c3+ 68. Kc2 Kc4 69. Kc1 Kd3 70. Kd1 c2+ 71. Kc1 Kc3 1/2-1/2

[Event "Polanica Zdroj op 60th"]
[Site "Polanica Zdroj"]
[Date "2024.08.17"]
[Round "1"]
[White "Terkiewicz, Bruno"]
[Black "Rosa, Antoni"]
[Result "1-0"]
[WhiteElo "2206"]
[BlackElo "1978"]
[PlyCount "87"]
[EventDate "2024.08.17"]
[EventType "swiss"]
[EventRounds "9"]
[EventCountry "POL"]
[SourceTitle "CBM 221 Extra"]
[Source "ChessBase"]
[SourceDate "2024.09.30"]
[SourceVersion "1"]
[SourceVersionDate "2024.09.30"]
[SourceQuality "1"]

1. d4 Nf6 2. c4 g6 3. Nc3 Bg7 4. e4 d6 5. h3 0-0 6. Be3 e5 7. d5 Nbd7 8. Nf3 Ne8 9. g4 c6 10. Be2 cxd5 11. cxd5 a6 12. h4 Ndf6 13. Nd2 Qd7 14. g5 Nh5 15. Bxh5 gxh5 16. Qxh5 b5 17. a3 a5 18. Qd1 Nc7 19. Ne2 Ba6 20. Ng3 b4 21. a4 Rfc8 22. h5 Ne8 23. Nf5 Bd3 24. Qg4 Rc7 25. f3 Rac8 26. Kf2 Kf8 27. g6 Nf6 28. Qg2 fxg6 29. hxg6 h5 30. Ng3 Rc2 31. Nxh5 Rxb2 32. Nxf6 Bxf6 33. Rh7 Bg7 34. Rah1 Rcc2 35. Rh8+ Bxh8 36. Rxh8+ Kg7 37. Rh7+ Kg8 38. Rxd7 Rxd2+ 39. Bxd2 Rxd2+ 40. Kg3 Rxg2+ 41. Kxg2 Bc2 42. Ra7 Bxa4 43. Rxa5 Bc2 44. Ra7 1-0